La Verdad detrás de la reconciliación /
El ensayo sostiene como tesis principal que las aplicaciones de amnistías a las violaciones de las normas internacionales reconocidas sobre derechos humanos deben ser rechazadas, condenadas y cuestionadas. Para la autora, legalmente la amnistía es una violación clara de la legislación internacional...
Spremljeno u:
| Glavni autor: | |
|---|---|
| Format: | Tekst |
| Teme: | |
| Oznake: |
Dodaj oznaku
Bez oznaka, Budi prvi tko označuje ovaj zapis!
|
MARC
| LEADER | 00000 a a2200000 04500 | ||
|---|---|---|---|
| 001 | 5150 | ||
| 003 | |||
| 040 | |||
| 100 | |a Duffy, Helen | ||
| 245 | |a La Verdad detrás de la reconciliación / |c Helen Duffy | ||
| 520 | |a El ensayo sostiene como tesis principal que las aplicaciones de amnistías a las violaciones de las normas internacionales reconocidas sobre derechos humanos deben ser rechazadas, condenadas y cuestionadas. Para la autora, legalmente la amnistía es una violación clara de la legislación internacional pertinente moralmente, la amnistía es un daño que se agrega al daño original y condona su comisión desde la perspectiva de la eficiencia, es contraproducente para la reconciliación nacional y la paz, que frecuentemente se invocan para justificarla. REV/LCL | ||
| 650 | |a DERECHOS HUMANOS | ||
| 650 | |a AMNISTIA | ||
| 650 | |a ARBITRAJE | ||
| 650 | |a ARREGLO DE CONTROVERSIAS | ||
| 650 | |a POLITICA INTERNACIONAL | ||
| 773 | |g volumen 51, número 576; páginas 936-943 | ||
| 999 | |c 21286 |d 21286 | ||
